LEADER 01737cam2-2200517---450- 001 990000373920203316 005 20121024122906.0 010 $a88-420-2355-8 035 $a0037392 035 $aUSA010037392 035 $a(ALEPH)000037392USA01 035 $a0037392 100 $a20010326f1991----||||0itay0103----ba 101 $aita 102 $aIT 105 $a||||||||| 200 1 $a<<4:>> Della generazione e della corruzione, Dell'anima, Piccoli trattati di storia naturale$fAristotele 205 $a3. ed 210 $aRoma$cLaterza$d1991 215 $aXII, 330 p.$d21 cm 225 2 $aBiblioteca Universale Laterza$v50 410 $12001$aBiblioteca Universale Laterza$v50 461 1$10010007377$12001$aOpere 540 1 $aDell'anima 540 1 $aPiccoli trattati di storia naturale 700 1$aARISTOTELES$04207 801 $aIT$bSALBC$gISBD 912 $a990000373920203316 951 $aII.1.A. 51/4(VARIE COLL. 552/50)$b129816 LM$cVARIE COLL 951 $aXV.8. 41 4$b222188 L.M.$cXV.8. 959 $aBK 969 $aUMA 969 $aFSO 979 $aPATTY$b90$c20010326$lUSA01$h1257 979 $aPATTY$b90$c20010326$lUSA01$h1302 979 $aPATTY$b90$c20020326$lUSA01$h0839 979 $c20020403$lUSA01$h1645 979 $aPATRY$b90$c20040406$lUSA01$h1626 979 $aCOPAT3$b90$c20050131$lUSA01$h1152 979 $aCOPAT5$b90$c20060626$lUSA01$h1056 979 $aIANNONE$b90$c20121024$lUSA01$h1200 979 $aIANNONE$b90$c20121024$lUSA01$h1202 979 $aIANNONE$b90$c20121024$lUSA01$h1228 979 $aIANNONE$b90$c20121024$lUSA01$h1229 996 $aDella generazione e della corruzione, Dell'anima, Piccoli trattati di storia naturale$9862551 997 $aUNISA LEADER 03342nam 2200793Ia 450 001 9910956273803321 005 20241216195925.0 010 $a9786612562068 010 $a9781447301448 010 $a1447301447 010 $a9781282562066 010 $a1282562061 010 $a9781847422729 010 $a1847422721 024 7 $a10.56687/9781847422729 035 $a(CKB)2550000000012851 035 $a(EBL)517160 035 $a(OCoLC)624171794 035 $a(UtOrBLW)PPO00165 035 $a(Au-PeEL)EBL517160 035 $a(CaPaEBR)ebr10381332 035 $a(CaONFJC)MIL256206 035 $a(OCoLC)1229882454 035 $a(MdBmJHUP)musev2_80155 035 $a(UkCbUP)CR9781847422729 035 $a(DE-B1597)647206 035 $a(DE-B1597)9781847422729 035 $a(OCoLC)1066680224 035 $a(MiAaPQ)EBC517160 035 $a(Perlego)3564767 035 $a(EXLCZ)992550000000012851 100 $a20090416d2009 uy 0 101 0 $aeng 135 $aur||||||||||| 181 $ctxt$2rdacontent 182 $cc$2rdamedia 183 $acr$2rdacarrier 200 10$aAgeing in urban neighbourhoods $eplace attachment and social exclusion /$fAllison E. Smith 205 $a1st ed. 210 $aBristol $cPolicy$d2009 215 $a1 online resource (vi, 242 pages) $cdigital, PDF file(s) 225 1 $aAgeing and the lifecourse 300 $aTitle from publisher's bibliographic system (viewed on 22 Jul 2022). 311 08$a9781847422705 311 08$a1847422705 311 08$a9781847422712 311 08$a1847422713 320 $aIncludes bibliographical references and index. 327 $aAgeing in urban neighbourhoods; Contents; List of boxes, tables and figures; Acknowledgements; Foreword; 1. Introduction; 2. Environmental gerontology; 3. Urban ageing; 4. Skid row? Area profiles; 5. Ageing in deprived neighbourhoods; 6. Reconceptualising the person-environment relationship; 7. The way forward -- building sustainability; 8. Influences, opportunities and challenges; 9. Conclusion; Appendix A: Summary of participant characteristics; Appendix B: Short biographies of participants in Manchester and Vancouver; Appendix C: Mrs MacDougall's short story; References; Index. 330 $aThis unique book addresses the shortfall in knowledge regarding older people's attachment to deprived neighbourhoods and offers a re-conceptualisation of environmental gerontology. The author examines new cross-national research and challenges the common view that ageing 'in place' is optimal, particularly within areas that present multiple risks to the individual. 410 0$aAgeing and the lifecourse. 606 $aUrban older people$zWestern countries$xSocial conditions 606 $aMarginality, Social 606 $aPlace attachment 606 $aUrban older people$xGovernment policy 615 0$aUrban older people$xSocial conditions. 615 0$aMarginality, Social. 615 0$aPlace attachment. 615 0$aUrban older people$xGovernment policy. 676 $a362.6091732 686 $aMS 2700$2rvk 700 $aSmith$b Allison E$01814960 801 0$bMiAaPQ 801 1$bMiAaPQ 801 2$bMiAaPQ 906 $aBOOK 912 $a9910956273803321 996 $aAgeing in urban neighbourhoods$94369225 997 $aUNINA